Comarcas de Asturias en un Mapa - Estadísticas

Estadísticas generales
  • Esta prueba ha sido intentada 54 veces
  • La puntuación promedio es 5 de 8
Respuestas en el mapa
Las respuestas están codificadas por una escala verde-roja en el mapa de la prueba según el % correcto abajo.
 
Estadísticas de respuestas
Comarcas % Correcto
Gijón
100%
Oviedo
97%
Avilés
90%
Narcea
56%
Oriente
54%
Nalón
49%
Caudal
38%
Eo-Navia
33%
No se encontraron pruebas coincidentes
Distribución de puntuación
Porcentaje de gente con cada puntuación
Porcentaje por número respondido
Historial de tus puntuaciones
No has intentado esta prueba.